00302 a2200133 450000100060000002000180000604000220002410000230004624000290006924500270009830000080012536200090013365000260014265376 a9788568263556 cAnchieta - Pituba aMunhóz, Carolina10aPor um toque de magia l10aPor um toque de magia  a2710 a2017 4aFicção brasileira